| 000 | 00489nam a2200133Ia 4500 | ||
|---|---|---|---|
| 005 | 20260209120129.0 | ||
| 008 | 260209s9999||||xx |||||||||||||| ||und|| | ||
| 100 | _aNeetu Bala | ||
| 245 | 0 | _aCompetition appellate tribunal : a comparative study of working in India, US, UK Australia | |
| 260 |
_aBangaloreBangalore _bNLSIU _c2011 |
||
| 300 | _a73 p. ; 25 cm. | ||
| 700 | _aProf. (Dr.) N L Mitra - GuideProf. (Dr.) N L Mitra - Guide | ||
| 856 | _uhttps://dans.nls.ac.in/handle/123456789/1900 | ||
| 999 |
_c216980 _d216980 |
||